[Event "Open"]
[Site "Calcutta"]
[Date "2004.11.16"]
[Round "10"]
[White "Aleksandrov, Aleksej"]
[Black "Bakre, Tejas"]
[Result "1/2-1/2"]
[WhiteElo "2659"]
[BlackElo "2491"]
[PlyCount "76"]
[EventDate "2004.11.08"]
[Source "Roberto Alvarez"]
[SourceDate "2004.12.13"]

1. d4 Nf6 2. c4 e6 3. Nc3 Bb4 4. e3 c5 5. Bd3 Nc6 6. Nf3 O-O 7. d5 exd5 8. cxd5 Nxd5 9. Bxh7+ Kxh7 10. Qxd5 Qf6 11. O-O Ne7 12. Qh5+ Kg8 13. Ng5 Qg6 14. Qxg6 fxg6 15. Bd2 d5 16. Rfd1 Bxc3 17. Bxc3 Bf5 18. Rd2 Rac8 19. Rad1 Rc6 20. e4 dxe4 21. h3 Be6 22. Nxe6 Rxe6 23. Rd7 b5 24. Rxa7 b4 25. Be1 Nc6 26. Rc7 Rf7 27. Rc8+ Rf8 28. Rxf8+ Kxf8 29. Rd5 Re5 30. Rd6 Ne7 31. Kf1 Kf7 32. Bd2 Nf5 33. Rd7+ Ke6 34. Ra7 Rd5 35. Ke1 Nh4 36. Rxg7 Nxg2+ 37. Kd1 Kf6 38. Rc7 Nf4 1/2-1/2

[Event "Moscow-A"]
[Site "Moscow"]
[Date "1988.??.??"]
[Round "?"]
[White "Levitt, Jonathan"]
[Black "Vyzmanavin, Alexey"]
[Result "0-1"]
[WhiteElo "2485"]
[BlackElo "2565"]
[PlyCount "54"]
[EventDate "1988.??.??"]
[Source "ChessBase"]

1. d4 Nf6 2. c4 e6 3. Nc3 Bb4 4. e3 O-O 5. Bd3 c5 6. Nf3 Nc6 7. O-O Bxc3 8. bxc3 d6 9. Qc2 e5 10. dxc5 dxc5 11. Ng5 h6 12. Ne4 Qe7 13. Nxf6+ Qxf6 14. Be4 Be6 15. Bd5 Rad8 16. e4 Na5 17. Qe2 b6 18. Bd2 Qg6 19. f4 exf4 20. Rxf4 Rfe8 21. Raf1 Bxd5 22. cxd5 Rxd5 23. Rxf7 Rxe4 24. Qf2 Nc4 25. Bxh6 Qxh6 26. Rf8+ Kh7 27. Qf7 Qe6 0-1

[Event "Nojabrsk"]
[Site "?"]
[Date "1995.??.??"]
[Round "?"]
[White "Moskalenko, V."]
[Black "Abramovic, B."]
[Result "1-0"]
[WhiteElo "2525"]
[BlackElo "2520"]
[PlyCount "89"]
[EventDate "1995.??.??"]
[Source "ChessBase"]
[SourceDate "1995.02.01"]

1. d4 Nf6 2. c4 e6 3. Nc3 Bb4 4. Nf3 c5 5. e3 O-O 6. Be2 Nc6 7. O-O d5 8. cxd5 exd5 9. dxc5 Bxc5 10. b3 a6 11. Na4 Ba7 12. Ba3 Re8 13. Bc5 Bxc5 14. Nxc5 Bg4 15. Rc1 Qb6 16. Nd4 Nxd4 17. Bxg4 Ne6 18. Nxe6 fxe6 19. Bf3 Rac8 20. Qd2 a5 21. g3 Qb4 22. Qxb4 axb4 23. Rxc8 Rxc8 24. Rd1 Rc6 25. Rd4 Rb6 26. Bg2 Kf8 27. e4 Ke7 28. f4 Rc6 29. exd5 exd5 30. Bf3 Rc1+ 31. Kf2 Rc2+ 32. Ke3 Rc3+ 33. Ke2 Rc2+ 34. Ke3 Rc3+ 35. Rd3 Rc5 36. g4 Kd6 37. g5 Ne8 38. Rd4 Rb5 39. Be2 Rb6 40. Bd3 h6 41. h4 Nc7 42. f5 hxg5 43. hxg5 Ke5 44. Rh4 d4+ 45. Rxd4 1-0

[Event "Maspalomas op"]
[Site "Maspalomas"]
[Date "2000.09.29"]
[Round "7"]
[White "Vaisser, Anatoli"]
[Black "Narciso Dublan, Marc"]
[Result "1/2-1/2"]
[WhiteElo "2537"]
[BlackElo "2507"]
[PlyCount "157"]
[EventDate "2000.09.??"]
[Source "www.chesslib.no"]
[SourceDate "2004.05.04"]

1. d4 Nf6 2. c4 e6 3. Nc3 Bb4 4. e3 O-O 5. Bd3 c5 6. Nf3 d6 7. Bd2 cxd4 8. Nxd4 Nc6 9. O-O e5 10. Nde2 d5 11. cxd5 Nxd5 12. Qc2 Nf6 13. a3 Bxc3 14. Bxc3 Be6 15. Rfd1 Qb6 16. b4 Rfd8 17. Ng3 a6 18. Qb2 Rd5 19. Ne4 Rad8 20. Nc5 Bf5 21. Be2 Qc7 22. f3 Rxd1+ 23. Rxd1 Rxd1+ 24. Bxd1 Nd7 25. Nxd7 Qxd7 26. Be2 f6 27. b5 axb5 28. Qxb5 Be6 29. a4 Qc8 30. Qc5 Qf8 31. Qxf8+ Kxf8 32. Bd3 h6 33. Bc2 Ke7 34. Bb2 Kf7 35. Ba3 Na5 36. Kf2 Bb3 37. Bxb3+ Nxb3 38. Ke2 h5 39. Kd3 Ke6 40. Kc3 Na5 41. Kb4 Nc6+ 42. Kc5 e4 43. fxe4 Ne5 44. h3 Nd7+ 45. Kd4 h4 46. Bb4 g5 47. Ba5 b6 48. Bb4 Ne5 49. Bc3 Kd6 50. Be1 Ke6 51. Kc3 Nd7 52. Kc4 Ke5 53. Kb5 Kxe4 54. Bb4 Kxe3 55. Kc6 Kf2 56. Kxd7 Kxg2 57. Kc6 f5 58. Kxb6 g4 59. a5 gxh3 60. Bd6 h2 61. Bxh2 Kxh2 62. a6 f4 63. a7 f3 64. a8=Q f2 65. Qf3 Kg1 66. Qg4+ Kh2 67. Qf3 Kg1 68. Qe3 Kg2 69. Qe4+ Kg1 70. Qd4 Kg2 71. Qd2 Kg1 72. Qg5+ Kh2 73. Qf4+ Kg2 74. Qg4+ Kh2 75. Qxh4+ Kg2 76. Qg4+ Kh2 77. Qf3 Kg1 78. Qg3+ Kh1 79. Qxf2 1/2-1/2

[Event "Olomouc"]
[Site "?"]
[Date "1997.??.??"]
[Round "?"]
[White "Stohl, I."]
[Black "Polak, T."]
[Result "1/2-1/2"]
[WhiteElo "2565"]
[BlackElo "2470"]
[PlyCount "62"]
[EventDate "1997.??.??"]
[Source "ChessBase"]
[SourceDate "1997.06.01"]

1. d4 Nf6 2. c4 e6 3. Nc3 Bb4 4. e3 O-O 5. Bd3 c5 6. Nf3 Nc6 7. d5 exd5 8. cxd5 Nxd5 9. Bxh7+ Kxh7 10. Qxd5 Bxc3+ 11. bxc3 d6 12. e4 Kg8 13. Bg5 Ne7 14. Qd3 f6 15. Bf4 d5 16. O-O b6 17. Rad1 Bb7 18. e5 Qd7 19. exf6 gxf6 20. Rfe1 Rf7 21. Nh4 Qg4 22. Bg3 Rd8 23. h3 Qh5 24. Re2 Rd7 25. Rde1 d4 26. cxd4 cxd4 27. Re6 Bd5 28. Rd6 Rxd6 29. Bxd6 Qxh4 30. Rxe7 Rxe7 31. Bxe7 Kf7 1/2-1/2

[Event "FRA-ch"]
[Site "France"]
[Date "1996.??.??"]
[Round "4"]
[White "Vaisser, Anatoli"]
[Black "Bauer, Christian"]
[Result "0-1"]
[WhiteElo "2565"]
[BlackElo "2465"]
[PlyCount "110"]
[EventDate "1996.??.??"]
[Source "ChessBase"]

1. d4 Nf6 2. c4 e6 3. Nc3 Bb4 4. e3 O-O 5. Bd3 c5 6. Nf3 b6 7. d5 exd5 8. cxd5 h6 9. d6 Bxc3+ 10. bxc3 Bb7 11. c4 Ne4 12. Bxe4 Bxe4 13. Bb2 Nc6 14. O-O Qe8 15. Qe2 Qe6 16. Rfd1 Qg4 17. Rac1 Rae8 18. h3 Qh5 19. Kh2 f5 20. Ng1 Qxe2 21. Nxe2 Nb4 22. Rc3 a5 23. Nc1 Re6 24. a3 Na6 25. f3 Bc6 26. Kg1 Nb8 27. Rd2 Ba4 28. Ne2 g5 29. Kf2 Nc6 30. Rc1 Bb3 31. Nc3 Ne5 32. Nd5 Nxc4 33. Rd3 Ba2 34. Ne7+ Kh7 35. g4 fxg4 36. hxg4 Nxb2 37. Rd2 Nc4 38. Rxa2 Nxe3 39. Kg3 Rxd6 40. Re2 Re6 41. Rce1 Rxe7 42. Rxe3 Rxe3 43. Rxe3 Rc8 44. Re7+ Kg8 45. Kf2 Rc7 46. a4 c4 47. Ke2 c3 48. Kd1 Rc4 49. Rxd7 Rxa4 50. Rb7 Rb4 51. Kc2 a4 52. Kxc3 Rb3+ 53. Kd4 Rxf3 54. Ke5 Rf4 55. Rxb6 Kg7 0-1

[Event "otb"]
[Site "otb"]
[Date "2007.03.22"]
[Round "6"]
[White "Flores Diego"]
[Black "Lafuente Pablo"]
[Result "1-0"]
[WhiteElo "2541"]
[BlackElo "2455"]
[PlyCount "119"]
[Source "www.chesslib.no"]
[SourceDate "2004.05.04"]

1. d4 Nf6 2. c4 e6 3. Nc3 Bb4 4. e3 O-O 5. Bd3 c5 6. Nf3 b6 7. d5 Bxc3+ 8. bxc3 d6 9. O-O Re8 10. h3 Nbd7 11. Re1 Nf8 12. e4 Ng6 13. a4 Bd7 14. Qc2 h6 15. Bd2 e5 16. Kh2 Nh7 17. Ng1 Rf8 18. Be3 a5 19. Ra2 Ng5 20. g3 f5 21. exf5 e4 22. Bxg5 exd3 23. Qxd3 Qxg5 24. fxg6 Bf5 25. Qd2 Qxg6 26. Rb2 Rae8 27. Rxb6 Bd3 28. Rxe8 Rxe8 29. Rxd6 Qxd6 30. Qxd3 Qe5 31. Qg6 Rf8 32. Kg2 Qxc3 33. Qe6+ Kh7 34. Qe4+ Kh8 35. Ne2 Qe1 36. Qe3 Rb8 37. Nf4 Qxe3 38. fxe3 Kg8 39. Ne6 Rb4 40. d6 Rb2+ 41. Kf3 Rd2 42. Nxc5 Rxd6 43. Ke4 Kf7 44. Nb3 Rb6 45. Nxa5 Ra6 46. Nb3 Rxa4 47. Kd4 Ra2 48. c5 Ke6 49. Kc4 Ra3 50. Nd4+ Kf6 51. c6 Ra5 52. Nb3 Ra8 53. Kd5 Rd8+ 54. Kc5 Rd3 55. Nd4 Rxe3 56. c7 Re8 57. Kd6 h5 58. h4 g5 59. hxg5+ Kxg5 60. Ne6+ 1-0

[Event "Paris Open"]
[Site "Paris FRA"]
[Date "1983.??.??"]
[Round "7"]
[White "Flear, Glenn C"]
[Black "Karlsson, Lars C-G"]
[Result "1/2-1/2"]
[WhiteElo "2445"]
[BlackElo "2505"]
[PlyCount "34"]
[EventDate "1983.05.06"]
[Source "www.chesslib.no"]
[SourceDate "2004.05.04"]

1. d4 Nf6 2. c4 e6 3. Nc3 Bb4 4. e3 c5 5. Bd3 O-O 6. Nf3 d6 7. O-O Bxc3 8. bxc3 Nc6 9. e4 e5 10. h3 h6 11. Be3 b6 12. Qe2 Re8 13. Rad1 exd4 14. cxd4 Nxe4 15. Bxe4 Rxe4 16. dxc5 bxc5 17. Qd3 Qe8 1/2-1/2

[Event "Budapest FS12 GM"]
[Site "Budapest"]
[Date "1999.12.11"]
[Round "8"]
[White "Lukacs, Peter"]
[Black "Csom, Istvan"]
[Result "1/2-1/2"]
[WhiteElo "2475"]
[BlackElo "2472"]
[PlyCount "28"]
[EventDate "1999.12.04"]
[Source "ChessBase"]
[SourceDate "2000.01.11"]

1. d4 Nf6 2. c4 e6 3. Nc3 Bb4 4. e3 c5 5. Nf3 Nc6 6. Bd3 O-O 7. O-O cxd4 8. exd4 h6 9. Ne4 Nxe4 10. Bxe4 d5 11. cxd5 exd5 12. Bc2 Ne7 13. Ne5 Bf5 14. Be3 Bd6 1/2-1/2

[Event "DSV-Turnier"]
[Site "Halle"]
[Date "1981.??.??"]
[Round "11"]
[White "Knaak, Rainer"]
[Black "Adamski, Jan"]
[Result "1/2-1/2"]
[WhiteElo "2495"]
[BlackElo "2430"]
[PlyCount "101"]
[EventDate "1981.06.??"]
[Source "ChessBase"]

1. d4 Nf6 2. c4 e6 3. Nc3 Bb4 4. e3 c5 5. Bd3 O-O 6. Nf3 Nc6 7. d5 exd5 8. cxd5 Nxd5 9. Bxh7+ Kxh7 10. Qxd5 Bxc3+ 11. bxc3 d6 12. e4 Kg8 13. O-O Be6 14. Qh5 f6 15. Bf4 Ne5 16. Bxe5 dxe5 17. Nh4 Qd3 18. Rae1 Bc4 19. Nf5 Rf7 20. h4 Qd2 21. Rd1 Qxa2 22. Ra1 Qe2 23. Qg6 Rd7 24. Rfe1 Qd2 25. Re3 Be6 26. Nh6+ Kh8 27. Qh5 Rf8 28. Nf5+ Kg8 29. Rg3 a6 30. Nh6+ Kh8 31. Rg6 Qf4 32. Re1 Kh7 33. Nf5+ Kg8 34. g3 Qd2 35. Rf1 Bxf5 36. Qxf5 Rdf7 37. h5 Qd7 38. Qf3 Qh3 39. Rg4 Kh8 40. Qf5 Rd8 41. h6 g5 42. Qe6 Rff8 43. Qe7 Qxh6 44. Kg2 Qg7 45. Rh1+ Kg8 46. Qe6+ Qf7 47. Qf5 Qd7 48. Qg6+ Qg7 49. Qf5 Qd7 50. Qg6+ Qg7 51. Qf5 1/2-1/2

[Event "Svendborg"]
[Site "Svendborg"]
[Date "1981.??.??"]
[Round "3"]
[White "Donner, Jan Hein"]
[Black "Karlsson, Lars"]
[Result "1/2-1/2"]
[WhiteElo "2465"]
[BlackElo "2460"]
[PlyCount "58"]
[EventDate "1981.07.??"]
[Source "ChessBase"]

1. d4 Nf6 2. c4 e6 3. Nc3 Bb4 4. e3 c5 5. Bd3 O-O 6. Nf3 Nc6 7. O-O Bxc3 8. bxc3 d6 9. e4 e5 10. h3 h6 11. Qe2 Re8 12. dxc5 dxc5 13. Ne1 Qa5 14. Bd2 Ne7 15. Kh2 Ng6 16. g3 Qc7 17. f3 Rd8 18. f4 exf4 19. gxf4 Qd7 20. Rf3 b5 21. Rd1 Bb7 22. Ng2 bxc4 23. Bc2 Qc6 24. Re3 Re8 25. Re1 Rad8 26. Bc1 Qc7 27. e5 Bxg2 28. exf6 Rxe3 29. Qxe3 Bd5 1/2-1/2

[Event "Rubinstein mem"]
[Site "Polanica Zdroj"]
[Date "1974.??.??"]
[Round "1"]
[White "Knaak, Rainer"]
[Black "Adamski, Jan"]
[Result "1/2-1/2"]
[WhiteElo "2515"]
[BlackElo "2405"]
[PlyCount "86"]
[EventDate "1974.08.??"]
[Source "ChessBase"]

1. d4 Nf6 2. c4 e6 3. Nc3 Bb4 4. e3 O-O 5. Bd3 c5 6. Nf3 Nc6 7. O-O Bxc3 8. bxc3 d6 9. Nd2 e5 10. d5 Ne7 11. f4 exf4 12. exf4 Bf5 13. Nf3 Qd7 14. Nh4 Bxd3 15. Qxd3 Qg4 16. g3 Ng6 17. Nf5 Rad8 18. Bd2 Rfe8 19. Rae1 Qh3 20. Ne3 Re4 21. Qe2 Rde8 22. Qg2 Qxg2+ 23. Kxg2 Kf8 24. Kf3 h5 25. h3 Rd8 26. Nd1 Rde8 27. g4 hxg4+ 28. hxg4 Nh4+ 29. Kg3 Re2 30. Kxh4 Rxd2 31. Rxe8+ Nxe8 32. a4 Ra2 33. Ne3 Rxa4 34. Rh1 Ra3 35. Kg5 g6 36. Rh8+ Ke7 37. f5 Rxc3 38. fxg6 fxg6 39. Ng2 Rxc4 40. Rh7+ Kd8 41. Nf4 Nc7 42. Rh8+ Kd7 43. Rh7+ Kd8 1/2-1/2

[Event "70th ch-BLR"]
[Site "Minsk"]
[Date "2004.03.04"]
[Round "1"]
[White "Maljush, Andrej"]
[Black "Dydyshko, Viacheslav"]
[Result "1/2-1/2"]
[WhiteElo "2344"]
[BlackElo "2574"]
[PlyCount "75"]
[EventDate "2004.03.04"]
[Source "Roberto Alvarez"]
[SourceDate "2004.05.03"]

1. d4 Nf6 2. c4 e6 3. Nc3 Bb4 4. e3 O-O 5. Nf3 b6 6. Bd2 Bb7 7. Qc2 d5 8. cxd5 exd5 9. Bd3 a6 10. g4 Re8 11. h4 Nbd7 12. g5 Ne4 13. Nxe4 dxe4 14. Bc4 Bxd2+ 15. Nxd2 c5 16. Qb3 Qe7 17. h5 cxd4 18. g6 Ne5 19. gxf7+ Nxf7 20. Qxb6 Rad8 21. O-O-O Kh8 22. Bxf7 Qxf7 23. Nb3 d3 24. h6 g6 25. Kb1 Bd5 26. Rh4 Bxb3 27. axb3 Kg8 28. Rxe4 Qxf2 29. Rxe8+ Rxe8 30. Qd4 Qf8 31. Qc4+ Kh8 32. Qc3+ Kg8 33. Rxd3 Qxh6 34. Rd7 g5 35. Ka2 Qg6 36. Qc4+ Qe6 37. Qc7 Qe5 38. Qc4+ 1/2-1/2

[Event "Koszeg GM"]
[Site "Koszeg"]
[Date "1997.??.??"]
[Round "11"]
[White "Danner, Georg"]
[Black "Csom, Istvan"]
[Result "1/2-1/2"]
[WhiteElo "2430"]
[BlackElo "2460"]
[PlyCount "21"]
[EventDate "1997.??.??"]
[Source "www.chesslib.no"]
[SourceDate "2004.05.04"]

1. d4 Nf6 2. c4 e6 3. Nc3 Bb4 4. Nf3 O-O 5. e3 b6 6. Bd3 Bb7 7. O-O Bxc3 8. bxc3 Be4 9. Bxe4 Nxe4 10. Qc2 f5 11. Ne1 1/2-1/2

[Event "Rimavska Sobota"]
[Site "Rimavska Sobota"]
[Date "1975.??.??"]
[Round "4"]
[White "Farago, Ivan"]
[Black "Adamski, Jan"]
[Result "1/2-1/2"]
[WhiteElo "2460"]
[BlackElo "2415"]
[PlyCount "34"]
[EventDate "1975.??.??"]
[Source "ChessBase"]

1. d4 Nf6 2. c4 e6 3. Nc3 Bb4 4. e3 O-O 5. Bd3 c5 6. Nf3 Nc6 7. O-O Bxc3 8. bxc3 d6 9. e4 e5 10. h3 cxd4 11. cxd4 exd4 12. Bg5 Re8 13. Bc2 h6 14. Bh4 g5 15. Nxg5 hxg5 16. Bxg5 Re6 17. f4 d3 1/2-1/2

[Event "EU-chT (Men)"]
[Site "Pula"]
[Date "1997.??.??"]
[Round "7"]
[White "Norri, Joose"]
[Black "Hoelzl, Franz"]
[Result "0-1"]
[WhiteElo "2430"]
[BlackElo "2415"]
[PlyCount "104"]
[EventDate "1997.05.05"]
[Source "ChessBase"]

1. d4 Nf6 2. c4 e6 3. Nc3 Bb4 4. e3 c5 5. Bd3 Nc6 6. Nf3 O-O 7. d5 Bxc3+ 8. bxc3 Nb8 9. e4 d6 10. O-O e5 11. Ne1 Nbd7 12. f4 Qa5 13. Qc2 Ne8 14. f5 f6 15. g4 Nb6 16. h4 Bd7 17. Ng2 Rc8 18. Rb1 Kf7 19. Rf3 Ke7 20. Rg3 Kd8 21. g5 Kc7 22. Ne3 Kb8 23. Bd2 Ka8 24. Kh1 g6 25. Rf1 gxf5 26. exf5 Ng7 27. Be2 Ba4 28. Qb1 Nd7 29. g6 Rh8 30. Kg2 hxg6 31. fxg6 Rxh4 32. Nf5 Nxf5 33. Qxf5 Rg8 34. Qe6 Qd8 35. Qxd6 Bc2 36. Bg4 Be4+ 37. Kf2 f5 38. Bf3 Rh2+ 39. Kg1 Rxd2 40. Bxe4 fxe4 41. g7 Rd3 42. Rg6 a5 43. Rb1 Qc8 44. Rb5 Nb8 45. Rxc5 Nc6 46. Qf6 Qh3 47. Qf8+ Ka7 48. Rxa5+ Nxa5 49. Qc5+ Kb8 50. Qd6+ Ka8 51. Qf8+ Qc8 52. Qb4 Nxc4 0-1

[Event "Karlovac"]
[Site "?"]
[Date "1979.??.??"]
[Round "7"]
[White "Bukal Vladimir Sr"]
[Black "Rogulj Branko"]
[Result "1/2-1/2"]
[WhiteElo "2405"]
[BlackElo "2440"]
[PlyCount "37"]
[EventDate "1979.??.??"]
[Source "www.chesslib.no"]
[SourceDate "2004.05.04"]

1. c4 e6 2. d4 Nf6 3. Nc3 Bb4 4. e3 O-O 5. Nf3 d6 6. Qc2 Re8 7. Be2 e5 8. O-O Bxc3 9. Qxc3 Bg4 10. h3 Bxf3 11. Bxf3 e4 12. Be2 a5 13. b3 Nbd7 14. Bb2 d5 15. Ba3 Nb6 16. Bc5 Nbd7 17. Ba3 Nb6 18. Bc5 Nbd7 19. Ba3 1/2-1/2

[Event "Singapore m"]
[Site "Singapore"]
[Date "1997.12.06"]
[Round "3"]
[White "Wu Shaobin"]
[Black "Ardiansyah, Haji"]
[Result "1-0"]
[WhiteElo "2430"]
[BlackElo "2415"]
[PlyCount "55"]
[EventDate "1997.12.04"]
[Source "ChessBase"]
[SourceDate "1998.03.09"]

1. d4 Nf6 2. c4 e6 3. Nc3 Bb4 4. e3 O-O 5. Bd3 c5 6. Nf3 Nc6 7. O-O Bxc3 8. bxc3 d6 9. Rb1 b6 10. Nd2 e5 11. h3 Ba6 12. d5 Na5 13. e4 g6 14. Nb3 Nd7 15. Bh6 Re8 16. Nd2 Qh4 17. Be3 f5 18. exf5 e4 19. g3 Qxh3 20. Nxe4 Nxc4 21. Bf4 Rxe4 22. Bxe4 Nf6 23. Bg2 Qxf5 24. Qa4 Na5 25. Bxd6 Ng4 26. Bh3 Bxf1 27. Rxf1 h5 28. Be7 1-0

[Event "White Knights"]
[Site "Leningrad"]
[Date "1984.??.??"]
[Round "?"]
[White "Cherepkov, Alexander V"]
[Black "Aseev, Konstantin N"]
[Result "1-0"]
[WhiteElo "2425"]
[BlackElo "2390"]
[PlyCount "115"]
[EventDate "1984.06.??"]
[Source "ChessBase"]

1. d4 Nf6 2. c4 e6 3. Nc3 Bb4 4. e3 O-O 5. Bd3 c5 6. Nf3 b6 7. O-O cxd4 8. exd4 Bxc3 9. bxc3 d6 10. Bg5 Qc7 11. Re1 Nbd7 12. Nd2 Bb7 13. Re3 Rfe8 14. Qc2 h6 15. Bh4 Nh5 16. Rae1 Nf8 17. Bg3 Qe7 18. Qd1 Nxg3 19. Rxg3 Nd7 20. Qh5 Kh8 21. Qg4 Qf8 22. f4 Nf6 23. Qh4 Rad8 24. Rge3 d5 25. Rh3 dxc4 26. Nxc4 Rc8 27. Rg3 Be4 28. Ne5 Bxd3 29. Rxd3 Rc7 30. Rf3 Rec8 31. Qh3 Qa3 32. f5 exf5 33. Qxf5 Qxa2 34. Qh3 Qd2 35. Nxf7+ Kg8 36. Nxh6+ Qxh6 37. Qxh6 gxh6 38. Rxf6 Rxc3 39. Rxh6 Rc1 40. Rhe6 Rxe1+ 41. Rxe1 Rc6 42. Re7 a5 43. Rb7 Rd6 44. Kf2 a4 45. Ke3 Rh6 46. h3 Rg6 47. Kf3 Rf6+ 48. Ke4 Kf8 49. d5 a3 50. Ra7 Rf2 51. Rxa3 Rxg2 52. Ke5 Ke7 53. Ra7+ Kd8 54. h4 b5 55. h5 Rh2 56. Kd6 Ke8 57. Rb7 Rxh5 58. Rb8+ 1-0

[Event "POL Ch 30th"]
[Site "Gdynia POL"]
[Date "1973.??.??"]
[Round "8"]
[White "Pytel, Krzysztof"]
[Black "Adamski, Jan"]
[Result "1/2-1/2"]
[WhiteElo "2390"]
[BlackElo "2410"]
[PlyCount "79"]
[EventDate "1973.02.04"]
[Source "www.chesslib.no"]
[SourceDate "2004.05.04"]

1. d4 Nf6 2. c4 e6 3. Nc3 Bb4 4. e3 O-O 5. Bd3 c5 6. Nf3 Nc6 7. O-O Bxc3 8. bxc3 d6 9. Nd2 e5 10. Nb3 b6 11. f4 e4 12. Be2 Ne8 13. Bd2 f5 14. Be1 Qf6 15. h3 Qf7 16. Bh4 g6 17. g4 Kh8 18. Rf2 Ng7 19. Rg2 Ne7 20. a4 Ng8 21. a5 Be6 22. Nd2 Nf6 23. Kh1 Rab8 24. axb6 axb6 25. Rg1 Rfc8 26. d5 Bd7 27. Qb3 Rc7 28. Ra6 Rcb7 29. Qa3 Nge8 30. Bxf6+ Qxf6 31. g5 Qd8 32. Rb1 Nc7 33. Ra7 Ra8 34. Rxa8 Qxa8 35. Qxa8+ Nxa8 36. Ra1 Nc7 37. Kg1 Kg8 38. Kf2 Kg7 39. h4 Be8 40. Ra3 1/2-1/2

[Event "DSV-Turnier"]
[Site "Halle"]
[Date "1981.??.??"]
[Round "5"]
[White "Knaak, Rainer"]
[Black "Alexandria, Nana"]
[Result "1/2-1/2"]
[WhiteElo "2495"]
[BlackElo "2295"]
[PlyCount "121"]
[EventDate "1981.06.??"]
[Source "ChessBase"]

1. d4 Nf6 2. c4 e6 3. Nc3 Bb4 4. e3 O-O 5. Bd3 c5 6. Nf3 b6 7. d5 Bb7 8. e4 b5 9. O-O bxc4 10. Bxc4 Bxc3 11. bxc3 Nxe4 12. Qd3 Nf6 13. Bg5 Bxd5 14. Bxd5 exd5 15. Bxf6 Qxf6 16. Qxd5 Na6 17. Rac1 Rfd8 18. Rfe1 Rac8 19. Re3 d6 20. Ng5 h6 21. Ne4 Qe6 22. Qd2 Nc7 23. Rce1 Nd5 24. Rd3 Nf6 25. Nxd6 Qd7 26. Rd1 Rb8 27. h3 Qa4 28. Ne4 Rxd3 29. Nxf6+ gxf6 30. Qxd3 Qf4 31. g3 Qe5 32. Qf3 Rb2 33. Rd5 Qe2 34. Qf5 Qe6 35. Rxc5 Rxa2 36. Qf3 Kg7 37. Kg2 Ra1 38. Rc6 Qe5 39. Qg4+ Qg5 40. Qd4 Qe5 41. Qc4 Ra5 42. Rc7 Qe8 43. Qg4+ Rg5 44. Qf3 a5 45. h4 Re5 46. Qg4+ Kh7 47. Ra7 h5 48. Qf3 Qe6 49. Qa8 Qd5+ 50. Qxd5 Rxd5 51. Rxf7+ Kg6 52. Rc7 a4 53. Ra7 Rc5 54. Rxa4 Rxc3 55. Re4 Ra3 56. Re3 Ra5 57. Rd3 Rf5 58. Kf1 Re5 59. f3 Ra5 60. Kf2 Ra2+ 61. Ke3 1/2-1/2

[Event "St Petersburg-ch"]
[Site "St Petersburg"]
[Date "1997.03.07"]
[Round "3"]
[White "Lugovoi, Aleksei"]
[Black "Stotika, V."]
[Result "1-0"]
[WhiteElo "2510"]
[BlackElo "2255"]
[PlyCount "79"]
[EventDate "1997.03.04"]
[Source "ChessBase"]

1. d4 Nf6 2. c4 e6 3. Nc3 Bb4 4. e3 O-O 5. Bd3 d6 6. Nf3 c5 7. O-O Bxc3 8. bxc3 Nc6 9. d5 Na5 10. e4 e5 11. Nd2 Bd7 12. Re1 Ne8 13. Qc2 Rc8 14. Rb1 b6 15. Nf1 Qh4 16. g3 Qh5 17. Ne3 f6 18. Nf5 Bxf5 19. exf5 Nc7 20. Kg2 Rfe8 21. f3 Re7 22. Bd2 Na6 23. g4 Qe8 24. h4 Nb8 25. Kf2 Nd7 26. Re4 Kh8 27. a4 g6 28. fxg6 hxg6 29. Re2 e4 30. Rxe4 Rxe4 31. Bxe4 Ne5 32. Rg1 Naxc4 33. Bc1 Kg7 34. f4 Nd7 35. Re1 Qh8 36. h5 gxh5 37. Bf5 hxg4 38. Re7+ Kf8 39. Rh7 g3+ 40. Kg2 1-0

[Event "Plovdiv BUL"]
[Site "?"]
[Date "2006.02.10"]
[Round "5.3"]
[White "Tsvetkov Ilia"]
[Black "Drenchev Petar"]
[Result "1/2-1/2"]
[WhiteElo "2334"]
[BlackElo "2411"]
[PlyCount "30"]
[EventDate "2006.??.??"]
[Source "www.chesslib.no"]
[SourceDate "2004.05.04"]

1. d4 Nf6 2. c4 e6 3. Nc3 Bb4 4. e3 O-O 5. Bd3 c5 6. Nf3 Nc6 7. O-O d6 8. Qc2 Bxc3 9. Qxc3 e5 10. d5 e4 11. Nd2 exd3 12. dxc6 bxc6 13. Qxd3 Qc7 14. b3 Qe7 15. Ba3 Bg4 1/2-1/2

[Event "Queenstown NZL"]
[Site "?"]
[Date "2006.01.18"]
[Round "4"]
[White "Sutton Richard John"]
[Black "Wohl Aleksandar H"]
[Result "0-1"]
[WhiteElo "2301"]
[BlackElo "2439"]
[PlyCount "66"]
[EventDate "2006.??.??"]
[Source "www.chesslib.no"]
[SourceDate "2004.05.04"]

1. d4 Nf6 2. c4 e6 3. Nc3 Bb4 4. e3 O-O 5. Nf3 d6 6. Qc2 c5 7. Be2 Nc6 8. O-O Qe7 9. Bd2 b6 10. a3 Bxc3 11. Bxc3 Bb7 12. Rfd1 Rac8 13. b3 Rfd8 14. Rac1 cxd4 15. Nxd4 Nxd4 16. Rxd4 e5 17. Rdd1 Ne4 18. Be1 d5 19. f3 Nd6 20. Bb4 Qg5 21. Qd2 Nf5 22. f4 exf4 23. exf4 Qf6 24. c5 a5 25. Bc3 d4 26. Bb2 bxc5 27. Bg4 Qg6 28. Bxf5 Qxf5 29. Qxa5 Bxg2 30. Rxd4 Rxd4 31. Bxd4 Bb7 32. Rxc5 Qg4+ 33. Kf1 Qd1+ 0-1

[Event "La Raza"]
[Site "Medellin"]
[Date "2003.10.19"]
[Round "7"]
[White "Alzate, Dario"]
[Black "Arias, Nilton"]
[Result "1-0"]
[WhiteElo "2420"]
[BlackElo "2310"]
[PlyCount "61"]
[EventDate "2003.10.15"]
[Source "Roberto Alvarez"]
[SourceDate "2003.10.27"]

1. d4 Nf6 2. c4 e6 3. Nc3 Bb4 4. e3 O-O 5. Nf3 b6 6. Bd3 c5 7. O-O Ba6 8. d5 Bxc3 9. bxc3 d6 10. e4 Nbd7 11. Bg5 h6 12. Bh4 e5 13. Nd2 Re8 14. f3 Bc8 15. a4 a5 16. Bf2 Nf8 17. Be3 g5 18. Rf2 Ra7 19. Rb1 Ng6 20. g3 Rae7 21. Qb3 Nd7 22. Nf1 f6 23. Bd2 Rg7 24. Ne3 Ne7 25. Bf1 h5 26. Qb5 h4 27. Bh3 Nf8 28. Ng4 Bxg4 29. Bxg4 Nc8 30. Rg2 Rh7 31. Kf2 1-0

[Event "Escom IM-B"]
[Site "Budapest HUN"]
[Date "1991.??.??"]
[Round "8"]
[White "Schneider, Attila"]
[Black "Stajcic, Nikola"]
[Result "0-1"]
[WhiteElo "2385"]
[BlackElo "2345"]
[PlyCount "80"]
[EventDate "1991.??.??"]
[Source "www.chesslib.no"]
[SourceDate "2004.05.04"]

1. d4 Nf6 2. c4 e6 3. Nc3 Bb4 4. e3 O-O 5. Bd3 c5 6. Nf3 Nc6 7. O-O Bxc3 8. bxc3 d6 9. Ng5 b6 10. f4 h6 11. d5 exd5 12. cxd5 Ne7 13. Ne4 Nexd5 14. Bc4 Bb7 15. Bxd5 Nxd5 16. Ng3 Nf6 17. c4 d5 18. cxd5 Qxd5 19. Qxd5 Bxd5 20. Bb2 Rfe8 21. Rfd1 Bb7 22. Bxf6 gxf6 23. Nh5 Rxe3 24. Nxf6+ Kg7 25. Nh5+ Kf8 26. Rd2 Rae8 27. Kf2 Ba6 28. g4 Re2+ 29. Rxe2 Rxe2+ 30. Kg3 Bb7 31. h4 Re3+ 32. Kh2 Ra3 33. g5 hxg5 34. hxg5 Bd5 35. Re1 Be6 36. Nf6 Rxa2+ 37. Kg3 Ra3+ 38. Kf2 Kg7 39. f5 Bxf5 40. Re8 Bh7 0-1

[Event "JUG Ch"]
[Site "Kladovo"]
[Date "1992.??.??"]
[Round "7"]
[White "Petronic, Jovan"]
[Black "Brajovic, Radovan"]
[Result "1-0"]
[WhiteElo "2420"]
[BlackElo "2295"]
[PlyCount "102"]
[EventDate "1992.12.??"]
[Source "www.chesslib.no"]
[SourceDate "2004.05.04"]

1. d4 Nf6 2. c4 e6 3. Nc3 Bb4 4. e3 c5 5. Bd3 Nc6 6. Nf3 O-O 7. O-O Bxc3 8. bxc3 d6 9. d5 Na5 10. e4 h6 11. Nd2 e5 12. Rb1 b6 13. Nb3 Nxb3 14. axb3 Qe7 15. Re1 Bg4 16. f3 Bd7 17. Rb2 Ne8 18. f4 exf4 19. Bxf4 g5 20. Bg3 f6 21. Qh5 Qg7 22. Rf2 Rf7 23. Ref1 f5 24. exf5 Qxc3 25. Bc2 Rf6 26. Qg4 Ng7 27. h4 Qd4 28. Qxd4 cxd4 29. hxg5 hxg5 30. Bh2 Re8 31. g4 Re3 32. Rf3 Rxf3 33. Rxf3 Ne8 34. Rd3 Kf7 35. Rxd4 Ke7 36. Rd3 Rh6 37. Bd1 b5 38. Kg2 a5 39. Bg1 a4 40. cxb5 a3 41. b4 a2 42. Ra3 Bxb5 43. Rxa2 Nf6 44. Be3 Bc4 45. Rd2 Rh8 46. Bxg5 Rb8 47. Rd4 Rc8 48. Kg3 Kf7 49. Bxf6 Kxf6 50. Kf4 Bb5 51. g5+ Kg7 1-0